| 000 | 00764nam a22002177a 4500 | ||
|---|---|---|---|
| 005 | 20230718111019.0 | ||
| 008 | 230717b ||||| |||| 00| 0 eng d | ||
| 040 | _cAL | ||
| 041 | _aeng | ||
| 082 |
_223 _a305.56 _bVEEM |
||
| 100 |
_aK Veeramani _9127548 |
||
| 245 |
_aMandal Commission Report: _bDemand for its full Implementation |
||
| 260 |
_aChennai _bDravidar Kazhagam _c1998 |
||
| 300 |
_a14p. _bPB _c21x13cm. |
||
| 520 | _aspeech deleveried at the conference of the backward classes/scheduled casts/scheduled tribes and other minorities, held at New Delhi, 13.01.1983 / K. Veeramani | ||
| 650 |
_aSpeeches _9127226 |
||
| 650 |
_aScheduled Cates _9127227 |
||
| 650 |
_aScheduled Tribes _9127228 |
||
| 700 |
_aVEERAMANI (K) _9127229 |
||
| 942 |
_2ddc _cDB |
||
| 999 |
_c227909 _d227909 |
||